000 00656nam a22002297a 4500
001 00920
003 DO-SdBNP
005 20171214080743.0
007 00920
008 160727b 1974 sp||||| |||| 00| 0 spa d
020 _a8471790688
040 _aBPMSU
_bspa
_cBPMSU
092 _axxxxxxxxxx
_bxxxxxxxxxx
100 1 _aMuñoz López, F.
245 1 _aAsma bronquial infantil /
_cF. Muñoz López ; prólogo Manuel Cruz Hernández
260 _aEspaña :
_bEspaxs,
_c1974.
300 _a174 p. :
_bil.,
_c23 cm.
700 1 _aCruz Hernández, Manuel
942 _2ddc
_cBK
945 _ainventariado extranjero / DG
956 _aBTAVÁREZ
_b10
_c20162707
_d00920
999 _c11037
_d11037